[Event "Poznan op 28th"]
[Site "Poznan"]
[Date "2021.08.22"]
[Round "9"]
[White "Cholewa, Jan"]
[Black "Czyzewski, Leon"]
[Result "1/2-1/2"]
[WhiteElo "1250"]
[BlackElo "1086"]
[PlyCount "100"]
[EventDate "2021.08.15"]
[EventType "swiss"]
[EventRounds "9"]
[EventCountry "POL"]
[SourceTitle "CBM 203 Extra"]
[Source "ChessBase"]
[SourceDate "2021.09.30"]
[SourceVersion "1"]
[SourceVersionDate "2021.09.30"]
[SourceQuality "1"]

1. e4 e5 2. Nf3 Nc6 3. d4 exd4 4. Bc4 Nf6 5. e5 d5 6. Bb5 Nd7 7. 0-0 Be7 8. Bxc6 bxc6 9. Nxd4 Nxe5 10. Re1 c5 11. Rxe5 cxd4 12. Qxd4 Be6 13. Qa4+ Bd7 14. Qb3 Be6 15. Qb5+ Qd7 16. Qxd7+ Kxd7 17. c3 Bf6 18. Re2 Rhe8 19. Na3 Bf5 20. Be3 Re7 21. Rd2 c6 22. c4 Be6 23. Bc5 Ree8 24. Rc1 Rab8 25. b3 Bg5 26. Be3 Bxe3 27. fxe3 f6 28. e4 Bf7 29. cxd5 cxd5 30. exd5 Re5 31. d6 Rd5 32. Rxd5 Bxd5 33. Rc7+ Kxd6 34. Rxg7 Rb7 35. Nc4+ Kc5 36. Rxb7 Bxb7 37. Kf2 Bd5 38. Ne3 Be6 39. Ke2 Kb4 40. Kd2 Ka3 41. Kc3 Kxa2 42. Nc4 h5 43. h4 f5 44. g3 a6 45. Kb4 Bd7 46. Kc3 Be6 47. Kb4 Bd7 48. Kc3 Be6 49. Na5 Ka3 50. Nc4+ Ka2 1/2-1/2

[Event "Poznan op 28th"]
[Site "Poznan"]
[Date "2021.08.16"]
[Round "3"]
[White "Korzystka, Wiktor"]
[Black "Czyzewski, Leon"]
[Result "0-1"]
[WhiteElo "1303"]
[BlackElo "1086"]
[PlyCount "72"]
[EventDate "2021.08.15"]
[EventType "swiss"]
[EventRounds "9"]
[EventCountry "POL"]
[SourceTitle "CBM 203 Extra"]
[Source "ChessBase"]
[SourceDate "2021.09.30"]
[SourceVersion "1"]
[SourceVersionDate "2021.09.30"]
[SourceQuality "1"]

1. Nf3 c5 2. e4 g6 3. g3 Nc6 4. Bg2 Nf6 5. d3 Bg7 6. 0-0 0-0 7. Nbd2 d6 8. Re1 Re8 9. h4 Bg4 10. Nf1 Ne5 11. N1h2 Nxf3+ 12. Nxf3 Nd7 13. c3 Ne5 14. Be3 Qb6 15. Rb1 Qa6 16. d4 Nxf3+ 17. Bxf3 Bxf3 18. Qxf3 cxd4 19. cxd4 Qxa2 20. h5 Qb3 21. hxg6 fxg6 22. Qg4 Rf8 23. d5 Qb4 24. Qe6+ Rf7 25. Bg5 Qd4 26. Re3 Qe5 27. f4 Qd4 28. Kf2 Qd2+ 29. Kf3 Bd4 30. Ree1 Qf2+ 31. Kg4 Qg2 32. Bh4 Raf8 33. Rbc1 Kg7 34. Rf1 h5+ 35. Kg5 Bf6+ 36. Qxf6+ exf6# 0-1